Statistics for Pocket Planes Oceania Airports

Click here to take the quiz!

General Stats

  • This quiz has been taken 5 times
  • The average score is 15 of 22

Answer Stats

Population (Million)City% Correct
4.2Melbourne
100%
2.0Perth
100%
5.0Sydney
100%
2.0Adelaide
80%
3.0Brisbane
80%
0.4Christchurch
80%
0.1Darwin
80%
0.4Wellington
80%
0.0Alice Springs
60%
2.0Auckland
60%
0.0Broken Hill
60%
0.1Broome
60%
0.2Cairns
60%
0.0Geraldton
60%
0.2Hobart
60%
0.0Katherine
60%
0.0Mount Isa
60%
0.0Newman
60%
0.0Port Hedland
60%
0.3Port Moresby
60%
0.1Rockhampton
60%
0.0Kalgoorlie
40%

Score Distribution

Percentile by Number Answered

Percent of People with Each Score

Your Score History

You have not taken this quiz